000
00326 a2200157 4500
001
178478
020
_a
040
_c
Magnum
100
_a
Siguemoto, Regina
240
1
0
_a
O pirat perneta
_l
por
245
1
0
_a
O pirat perneta
362
0
_a
1899
440
1
_a
FTD
697
_a
MAGNITO: I/AVENTURA, CRIANCAS
942
_c
BK
999
_c
178478
_d
178478